[Event "Regionalliga SW 1213"]
[Site "Bayern"]
[Date "2012.12.09"]
[Round "4.6"]
[White "Niedergesaess, Herbert"]
[Black "Loos, Stephan"]
[Result "1/2-1/2"]
[WhiteElo "1916"]
[BlackElo "1977"]
[PlyCount "136"]
[EventDate "2012.10.14"]
[EventType "team-tourn"]
[EventRounds "9"]
[EventCountry "GER"]
[SourceTitle "EXT 2015"]
[Source "ChessBase"]
[SourceDate "2014.11.20"]
[SourceVersion "1"]
[SourceVersionDate "2014.11.20"]
[SourceQuality "1"]
[WhiteTeam "Haar"]
[BlackTeam "Bayern Muenchen III"]
[WhiteTeamCountry "GER"]
[BlackTeamCountry "GER"]

1. c4 f5 2. Nf3 Nf6 3. g3 g6 4. b3 Bg7 5. Bb2 0-0 6. Bg2 d6 7. d4 Qe8 8. 0-0 Nbd7 9. d5 e5 10. dxe6 Nc5 11. Nd4 Nxe6 12. Nxe6 Qxe6 13. Nc3 c6 14. Qd2 Rd8 15. Rad1 Qf7 16. e3 Be6 17. Qc2 Rd7 18. Rd2 Rad8 19. Rfd1 Bh6 20. Ba3 d5 21. cxd5 Bxd5 22. Nxd5 Nxd5 23. Bxd5 Rxd5 24. Rxd5 Rxd5 25. Rxd5 Qxd5 26. Qc5 Qxc5 27. Bxc5 a6 28. Kf1 Kf7 29. Ke2 Ke6 30. Kd3 Kd5 31. Bd4 c5 32. Bc3 b5 33. f3 c4+ 34. bxc4+ bxc4+ 35. Ke2 Bf8 36. h3 h5 37. Kd1 Bd6 38. Be1 Be5 39. Kc2 Kc5 40. a4 Bc7 41. Kb2 Bd6 42. Kc2 Be5 43. Kc1 c3 44. Kc2 Kb4 45. g4 hxg4 46. hxg4 fxg4 47. fxg4 a5 48. e4 Kxa4 49. Bxc3 Bxc3 50. Kxc3 Kb5 51. Kd4 a4 52. e5 Kb4 53. e6 a3 54. e7 a2 55. Kd5 a1Q 56. e8Q Qd1+ 57. Ke6 Qxg4+ 58. Kf6 Qf5+ 59. Kg7 g5 60. Qe1+ Kc4 61. Qc1+ Kd5 62. Qd2+ Ke6 63. Qa2+ Qd5 64. Qa6+ Kf5 65. Qf1+ Kg4 66. Qg1+ Kh3 67. Qe3+ Kh2 68. Qe2+ Kg3 1/2-1/2

[Event "Seefeld op 17th"]
[Site "Seefeld"]
[Date "2006.09.23"]
[Round "1"]
[White "Lagrotteria, Salvatore"]
[Black "Niedergesaess, Herbert"]
[Result "1-0"]
[WhiteElo "2176"]
[BlackElo "1950"]
[PlyCount "55"]
[EventDate "2006.09.23"]
[EventType "swiss"]
[EventRounds "9"]
[EventCountry "AUT"]
[SourceTitle "EXT 2009"]
[Source "ChessBase"]
[SourceDate "2008.11.26"]
[SourceVersion "1"]
[SourceVersionDate "2008.11.26"]
[SourceQuality "1"]

1. d4 Nf6 2. c4 g6 3. Nc3 d5 4. cxd5 Nxd5 5. e4 Nxc3 6. bxc3 Bg7 7. Bc4 c5 8. Ne2 Nc6 9. Be3 cxd4 10. cxd4 0-0 11. 0-0 b6 12. Qd2 Bb7 13. f3 Rc8 14. Rac1 e6 15. Rfd1 Na5 16. Bd3 Qd7 17. Qb4 Rxc1 18. Rxc1 Rc8 19. Rxc8+ Qxc8 20. Qa4 h6 21. h4 h5 22. e5 Bd5 23. Nf4 Bc4 24. Qc2 Ba6 25. Bxg6 fxg6 26. Qxg6 Qd7 27. Nxh5 Bc4 28. Nf6+ 1-0

[Event "Oberjoch op"]
[Site "Oberjoch"]
[Date "2002.??.??"]
[Round "1"]
[White "Niedergesaess, Herbert"]
[Black "Suess, Horst"]
[Result "1-0"]
[WhiteElo "1906"]
[BlackElo "1400"]
[PlyCount "55"]
[EventDate "2002.??.??"]
[EventType "swiss"]
[EventRounds "9"]
[EventCountry "GER"]
[SourceTitle "EXT 2004"]
[Source "ChessBase"]
[SourceDate "2003.11.25"]
[SourceVersion "1"]
[SourceVersionDate "2003.11.25"]
[SourceQuality "1"]

1. c4 e6 2. Nc3 Nf6 3. g3 c6 4. d4 d5 5. Qb3 b6 6. Bg2 Bb7 7. Nf3 Nbd7 8. cxd5 cxd5 9. 0-0 Be7 10. Bg5 h6 11. Bxf6 Nxf6 12. Ne5 0-0 13. Rac1 Rc8 14. e3 Ba6 15. Rfe1 Bc4 16. Qa4 Rc7 17. b3 b5 18. Nxb5 Bxb5 19. Qxb5 Rxc1 20. Rxc1 Ba3 21. Rc2 Bd6 22. Nc6 Qd7 23. Qa6 Rc8 24. Qxc8+ Kh7 25. Qxd7 Nxd7 26. Nxa7 f5 27. Nb5 Be7 28. Rc7 1-0